Sto rokov od smrti Jozefa Kohutha

Bibliographic Details
Main Author: Sedlák, Ján, 1914-2007 (Author)
Format: Article
Language:Slovak
PhysicalDescription:Fotogr.
ISSN:1335-3470
Subjects:

MARC

LEADER 00000nab a2200000 a 4500
001 vtls000730585
003 SK-MaSNL
005 20260304234114.0
008 140512c2000 xo 0 slo
015 |a SNBRB2000/09-22930 
035 |a CLN000082714 
040 |a SNKBUCL  |b slo  |c SNKBUCL  |e AACR2 
041 0 |a slo 
044 |a xo  |c SK 
080 |a 82:929:885.4  |2 1997 
080 |a 885.4:929  |2 1997 
080 |a 929 Kohuth, Jozef  |2 1997 
100 1 |a Sedlák, Ján,  |d 1914-2007  |4 aut  |9 86199 
245 1 0 |a Sto rokov od smrti Jozefa Kohutha  |c Ján Sedlák 
300 |b Fotogr. 
600 1 7 |a Kohuth, Jozef,  |d 1828-1900  |2 snkbucl  |9 181096 
655 7 |a články z novín a časopisov  |2 snkbucl  |9 267496 
773 0 |t Kultúra  |g Roč. 3, č. 14 (2000), s. 13  |x 1335-3470 
850 |a Slovenská národná knižnica v Martine 
852 |a SNK  |b KIS3GCP 
958 |a SK 
958 |a LX 
958 |a BX 
992 |a RBX 
999 |c 3202190  |d 3204120